Goal setting and self evaluation of school boards /

Bibliographic Details
Corporate Authors: Joint AASA-NSBA Committee, American Association of School Administrators, National School Boards Association
Format: Book
Language:English
Published: Arlington, Va. (1801 North Moore St., Arlington 22209) : American Association of School Administrators, [1980]
Subjects:

MARC

Tag First Indicator Second Indicator Subfields
LEADER 00000cam a2200000 a 4500
001 in00000086818
005 20151008062759.0
008 810727s1980 vauk 00000 eng
010 |a  80070099  
035 |a (OCoLC)07737316 
035 |9 AAK0921AM 
039 0 |a 2  |b 3  |c 3  |d 3  |e 3 
040 |a DLC  |c DLC  |d TXA  |d UtOrBLW 
043 |a n-us--- 
049 |a TXAM  |c [1561160] 
050 0 0 |a LB2831  |b  G58 
082 0 |a 379.1/531/0973  |2 19 
245 0 0 |a Goal setting and self evaluation of school boards /  |c reviewed and recommended by the Joint AASA-NSBA Committee. 
264 1 |a Arlington, Va. (1801 North Moore St., Arlington 22209) :  |b  American Association of School Administrators,  |c [1980] 
264 4 |c ©1980 
300 |a 15 pages :  |b forms ;  |c 22 cm. 
336 |a text  |b txt  |2 rdacontent 
337 |a unmediated  |b n  |2 rdamedia 
338 |a volume  |b nc  |2 rdacarrier 
500 |a "A joint publication of the American Association of School Administrators and the National School Boards Association"--Cover. 
650 0 |a School boards  |z United States  |x Evaluation. 
710 2 |a Joint AASA-NSBA Committee. 
710 2 |a American Association of School Administrators. 
710 2 |a National School Boards Association. 
999 |a MARS 
999 f f |s 1c6c5143-d436-3d88-8d1d-c5eddb2e3eb6  |i 92e9c221-bc7f-3836-bba1-9da7964da02f  |t 0 
952 f f |p ric  |a Texas A&M University  |b Rellis Campus  |c Joint Library Facility  |d Remote Storage  |t 0  |e LB2831 G58  |h Library of Congress classification  |i unmediated -- volume  |m A14805981062 
998 f f |a LB2831 G58  |t 0  |l Remote Storage